Countries Xi Jinping has visited - Statistics

General Stats
  • This quiz has been taken 258 times
    66 since last reset
  • The average score is 52 of 77
Answer Stats
Continent Country % Correct
Europe United Kingdom
91%
North America United States of America
91%
Oceania Australia
89%
Europe France
89%
Europe Germany
89%
Asia North Korea
89%
Asia/ Europe Russia
89%
Europe Italy
85%
Asia Japan
85%
Asia South Korea
85%
South America Brazil
83%
Asia India
83%
Europe Spain
83%
South America Argentina
81%
Asia Indonesia
81%
Africa South Africa
81%
North America Mexico
79%
Asia Vietnam
79%
Asia Saudi Arabia
77%
South America Chile
74%
Asia Iran
74%
Asia Laos
74%
Asia Malaysia
74%
Asia Mongolia
74%
South America Venezuela
74%
Europe Belgium
72%
Asia Kazakhstan
72%
Oceania New Zealand
72%
Europe Portugal
72%
Asia Singapore
72%
Asia/ Europe Turkey
72%
Asia United Arab Emirates
72%
Europe Belarus
70%
Asia Cambodia
70%
Africa Egypt
70%
Asia Pakistan
70%
Europe Poland
70%
Europe the Netherlands
70%
Asia Bangladesh
68%
South America Colombia
68%
North America Cuba
68%
South America Peru
68%
Asia Tajikistan
68%
Asia the Philippines
66%
Asia Uzbekistan
66%
Oceania Fiji
64%
Asia Nepal
64%
Asia Brunei
62%
South America Ecuador
62%
Europe Greece
62%
Asia Kyrgyzstan
62%
Africa Republic of the Congo
62%
Asia Thailand
62%
Asia Turkmenistan
62%
Africa Angola
60%
Africa Ethiopia
60%
Oceania Papua New Guinea
60%
Europe Serbia
60%
Asia Sri Lanka
60%
Europe Switzerland
60%
Africa Zimbabwe
60%
Europe Finland
57%
North America Panama
57%
Africa Kenya
55%
Africa Morocco
55%
Africa Nigeria
55%
North America Costa Rica
53%
Europe Romania
53%
Africa Tanzania
51%
Europe Czech Republic
49%
Asia Myanmar
47%
North America Trinidad and Tobago
47%
Asia the Maldives
45%
Europe Monaco
43%
Africa Rwanda
40%
Africa Senegal
38%
Africa Mauritius
34%
No matching quizzes found
Score Distribution
Percent of People with Each Score
Percentile by Number Answered
Your Score History
You have not taken this quiz since the last reset